000 00297nam a22001337a 4500
020 _a81-264-0326-8
082 _a001
_bPUR/D
100 _aPURUSHOTTAMAN, KAMAL
245 _aDC QUIZ BOOK
260 _aKOTTAYAM
_bDC BOOKS
_c2010
300 _a240
650 _aGENERAL KNOWLEDGE
_zINDIA
942 _cBK
999 _c6596
_d6596